Band Members by Instrument - Miscellaneous Rock # 1 Edition - Statistics

General Stats
  • This quiz has been taken 163 times
  • The average score is 10 of 47
Answer Stats
Band Instrument or Role Answer % Correct
The Rolling Stones (1975-1993) Vocals Mick Jagger
97%
David Bowie and the Spiders from Mars (1970-1973) Vocals, Rhythm Guitar David Bowie
91%
The Rolling Stones (1975-1993) Guitar Keith Richards
84%
The Rolling Stones (1975-1993) Drums Charlie Watts
72%
The Stooges (1967-1973) Vocals Iggy Pop
64%
The Rolling Stones (1975-1993) Guitar Ronnie Wood
63%
The Rolling Stones (1975-1993) Bass Bill Wyman
53%
INXS (1977-1997) Vocals Michael Hutchence
48%
T. Rex (1971-1973) Vocals, Guitar Marc Bolan
47%
The Cranberries (1990-1996) Vocals, Rhythm Guitar Dolores O'Riordan
41%
David Bowie and the Spiders from Mars (1970-1973) Lead Guitar Mick Ronson
30%
Double Trouble (1983-1990) Vocals, Guitar Stevie Ray Vaughan
29%
Bad Company (1973-1982) Vocals, Rhythm Guitar, Keyboards Paul Rodgers
25%
Depeche Mode (1982-1995) Vocals Dave Gahan
22%
Cheap Trick (1974-1980) Vocals, Rhythm Guitar Robin Zander
22%
Cheap Trick (1974-1980) Drums Bun E. Carlos
18%
Cheap Trick (1974-1980) Lead Guitar Rick Nielsen
17%
Depeche Mode (1982-1995) Keyboards, Guitar Martin Gore
16%
The Stooges (1967-1973) Bass Dave Alexander / Ron Asheton
13%
The Stooges (1967-1973) Guitar Ron Asheton / James Williamson
13%
The Stooges (1967-1973) Drums Scott Asheton
13%
Depeche Mode (1982-1995) Keyboards, Bass Andy Fletcher
9%
Grand Funk Railroad (1969-1976) Vocals, Guitar Mark Farner
9%
Bad Company (1973-1982) Lead Guitar Mick Ralphs
8%
INXS (1977-1997) Lead Guitar Tim Farriss
8%
Depeche Mode (1982-1995) Keyboards, Drums Alan Wilder
6%
INXS (1977-1997) Keyboards Andrew Farriss
6%
INXS (1977-1997) Drums Jon Farriss
6%
Bad Company (1973-1982) Bass Raymond "Boz" Burrell
6%
Bad Company (1973-1982) Drums Simon Kirke
6%
Cheap Trick (1974-1980) Bass Tom Petersson
6%
INXS (1977-1997) Bass Garry Gary Beers
5%
INXS (1977-1997) Rhythm Guitar Kirk Pengilly
5%
David Bowie and the Spiders from Mars (1970-1973) Drums Mick Woodmansey
5%
Grand Funk Railroad (1969-1976) Vocals, Drums Don Brewer
4%
Grand Funk Railroad (1969-1976) Bass Mel Schacher
4%
The Cranberries (1990-1996) Lead Guitar Noel Hogan
4%
David Bowie and the Spiders from Mars (1970-1973) Bass Trevor Bolder
4%
T. Rex (1971-1973) Drums Bill Legend
3%
Double Trouble (1983-1990) Drums Chris Layton
3%
Grand Funk Railroad (1969-1976) Keyboards (1972-1976) Craig Frost
3%
The Cranberries (1990-1996) Drums Fergal Lawler
3%
T. Rex (1971-1973) Percussion Mickey Finn
3%
The Cranberries (1990-1996) Bass Mike Hogan
3%
Double Trouble (1983-1990) Keyboards Reese Wynans
3%
Double Trouble (1983-1990) Bass Tommy Shannon
3%
T. Rex (1971-1973) Bass Steve Currie
2%
No matching quizzes found
Score Distribution
Percent of People with Each Score
Percentile by Number Answered
Your Score History
You have not taken this quiz